[Event "RA Spring op"]
[Site "Ottawa CAN"]
[Date "2013.02.16"]
[Round "4"]
[White "Zhang, Zhiyuan"]
[Black "Pacey, Kevin"]
[Result "0-1"]
[WhiteElo "2229"]
[BlackElo "2229"]
[PlyCount "112"]
[GameId "2160767909381730"]
[EventDate "2013.02.15"]
[EventType "swiss"]
[EventRounds "5"]
[EventCountry "CAN"]
[SourceTitle "EXT 2022"]
[Source "ChessBase"]
[SourceDate "2021.10.06"]
[SourceVersion "1"]
[SourceVersionDate "2021.10.06"]
[SourceQuality "1"]

1. e4 c5 2. Nf3 e6 3. c3 d5 4. exd5 exd5 5. d4 Bd6 6. dxc5 Bxc5 7. Bb5+ Nc6 8. O-O Nge7 9. Nbd2 O-O 10. Nb3 Bd6 11. Nbd4 Bg4 12. Be2 a6 13. Bg5 Qc7 14. h3 Bd7 15. Rc1 h6 16. Bd2 Rad8 17. Bd3 Qb6 18. Qc2 Nxd4 19. Nxd4 Bb8 20. Ne2 Ng6 21. Be3 Qd6 22. Ng3 Nf4 23. Bxf4 Qxf4 24. Bf5 Ba4 25. b3 Bb5 26. c4 dxc4 27. bxc4 Rd2 28. Qe4 Bc6 29. Qxf4 Bxf4 30. Rc2 Rfd8 31. Re1 g6 32. Be4 f5 33. Rxd2 Bxd2 34. Bxc6 Bxe1 35. Bxb7 Rd2 36. Bxa6 Bxf2+ 37. Kh2 Rxa2 38. Bb5 Bc5 39. h4 Kg7 40. Bd7 Bd6 41. Bc6 Ra3 42. Bf3 Rc3 43. Kh3 Bxg3 44. Kxg3 Rxc4 45. Kh3 Kf6 46. g3 Rc3 47. Kg2 Rc2+ 48. Kf1 Ke5 49. Be2 g5 50. hxg5 hxg5 51. Kf2 Ke4 52. Kf1 Ke3 53. Bh5 g4 54. Bg6 Kf3 55. Ke1 Re2+ 56. Kd1 Re5 0-1

[Event "RA Spring op"]
[Site "Ottawa CAN"]
[Date "2013.02.17"]
[Round "4"]
[White "Cova, Ramon"]
[Black "Qin, Zi Yi (Joey)"]
[Result "1/2-1/2"]
[WhiteElo "1966"]
[BlackElo "2466"]
[PlyCount "106"]
[GameId "2160767909381731"]
[EventDate "2013.02.15"]
[EventType "swiss"]
[EventRounds "5"]
[EventCountry "CAN"]

1. d4 Nf6 2. Nf3 g6 3. Bf4 Bg7 4. Nc3 d5 5. e3 c6 6. Be2 Bg4 7. h3 Bxf3 8. Bxf3 O-O 9. Qd2 Nbd7 10. O-O Re8 11. e4 dxe4 12. Nxe4 Nxe4 13. Bxe4 Qb6 14. Be3 Nf6 15. Bf3 Nd5 16. Bxd5 cxd5 17. c3 e6 18. Rfe1 Rec8 19. Bf4 Qc6 20. Re3 b5 21. a3 a5 22. Rf3 Qb7 23. Bh6 Bh8 24. h4 Rc4 25. h5 Re8 26. Re1 Qd7 27. hxg6 fxg6 28. Qf4 Rcc8 29. Qg4 Bg7 30. Bxg7 Kxg7 31. Qg5 Kg8 32. Qe5 Qc7 33. Qf6 Qe7 34. Qe5 Qc7 35. Rfe3 Qxe5 36. Rxe5 Kf7 37. R1e3 Re7 38. Kh2 Rc4 39. Kg3 b4 40. axb4 axb4 41. Kg4 bxc3 42. bxc3 Kf6 43. Rf3+ Kg7 44. Rfe3 Kf6 45. Kf4 Rc6 46. g4 Ra7 47. g5+ Kf7 48. Rh3 Ke8 49. Re2 Rf7+ 50. Kg4 Kd7 51. Ra2 Kd6 52. f4 Re7 53. Ra8 Rcc7 1/2-1/2

[Event "RA Spring op"]
[Site "Ottawa CAN"]
[Date "2013.02.17"]
[Round "4"]
[White "Donev, Danail"]
[Black "Pichardo, Agustin"]
[Result "0-1"]
[WhiteElo "2065"]
[BlackElo "2100"]
[PlyCount "92"]
[GameId "2160767909381732"]
[EventDate "2013.02.15"]
[EventType "swiss"]
[EventRounds "5"]
[EventCountry "CAN"]
[SourceTitle "EXT 2022"]
[Source "ChessBase"]
[SourceDate "2021.10.06"]
[SourceVersion "1"]
[SourceVersionDate "2021.10.06"]
[SourceQuality "1"]

1. e4 c5 2. Nc3 e6 3. g3 Nc6 4. Bg2 Nf6 5. Nge2 Be7 6. O-O O-O 7. d4 cxd4 8. Nxd4 a6 9. Be3 Qc7 10. Nxc6 bxc6 11. f4 d5 12. exd5 exd5 13. Bd4 Rb8 14. Qd3 Nd7 15. b3 Qa5 16. Na4 Bf6 17. Bxf6 Nxf6 18. Rfe1 Qb4 19. Qc3 Qxc3 20. Nxc3 Bf5 21. Rac1 Rfe8 22. Ne2 c5 23. c3 Re3 24. g4 Bxg4 25. Ng3 Rbe8 26. Kf2 Rxe1 27. Rxe1 Rxe1 28. Kxe1 h5 29. h4 Kf8 30. Kd2 Ke7 31. b4 Kd6 32. Bf1 c4 33. Ke3 g6 34. Kd4 Ne8 35. Bg2 Nc7 36. Ke3 Nb5 37. Kd2 Ke6 38. Bh1 Nd6 39. Bg2 Bf5 40. a4 Be4 41. Nxe4 dxe4 42. Bh3+ f5 43. Ke3 Kd5 44. Kf2 Nc8 45. b5 a5 46. Bf1 Nb6 0-1

[Event "RA Spring op"]
[Site "Ottawa CAN"]
[Date "2013.02.17"]
[Round "4"]
[White "Lebrun, Roger"]
[Black "Wan, Kevin"]
[Result "0-1"]
[WhiteElo "1929"]
[BlackElo "2162"]
[PlyCount "98"]
[GameId "2160767909381733"]
[EventDate "2013.02.15"]
[EventType "swiss"]
[EventRounds "5"]
[EventCountry "CAN"]
[SourceTitle "EXT 2022"]
[Source "ChessBase"]
[SourceDate "2021.10.06"]
[SourceVersion "1"]
[SourceVersionDate "2021.10.06"]
[SourceQuality "1"]

1. d4 d5 2. Nf3 Nf6 3. e3 e6 4. Bd3 c5 5. c3 Nc6 6. Nbd2 Bd6 7. O-O O-O 8. Re1 e5 9. dxe5 Nxe5 10. Nxe5 Bxe5 11. e4 dxe4 12. Nxe4 Nxe4 13. Rxe4 Bc7 14. Bf4 Bf5 15. Bxc7 Qxc7 16. Re3 Rad8 17. Qe2 Bxd3 18. Rxd3 Rxd3 19. Qxd3 Rd8 20. Re1 g6 21. Qe3 Qd6 22. h3 b6 23. Qe7 Qxe7 24. Rxe7 Rd2 25. Rxa7 Rxb2 26. Ra6 Kf8 27. a4 Ke7 28. a5 bxa5 29. Rxa5 Kd6 30. Ra7 Ke6 31. Rc7 Kd5 32. Rxf7 Kc4 33. Rxh7 Kxc3 34. Rh6 Rb6 35. h4 c4 36. h5 Rb1+ 37. Kh2 gxh5 38. Rxh5 Kd4 39. Rh4+ Kd3 40. g4 c3 41. Rh3+ Kd4 42. Rxc3 Kxc3 43. Kg3 Kd4 44. Kf4 Rb8 45. Kf5 Kd5 46. Kf6 Rf8+ 47. Kg7 Rxf2 48. g5 Ke6 49. g6 Rg2 0-1

[Event "RA Spring op"]
[Site "Ottawa CAN"]
[Date "2013.02.17"]
[Round "4"]
[White "Marinkovic, Mate"]
[Black "Sun, Mike"]
[Result "1/2-1/2"]
[WhiteElo "2215"]
[BlackElo "1959"]
[PlyCount "65"]
[GameId "2160767909381734"]
[EventDate "2013.02.15"]
[EventType "swiss"]
[EventRounds "5"]
[EventCountry "CAN"]
[SourceTitle "EXT 2022"]
[Source "ChessBase"]
[SourceDate "2021.10.06"]
[SourceVersion "1"]
[SourceVersionDate "2021.10.06"]
[SourceQuality "1"]

1. c4 c5 2. g3 g6 3. Bg2 Bg7 4. Nc3 Nc6 5. a3 e6 6. b4 Nxb4 7. axb4 cxb4 8. d4 bxc3 9. e3 Ne7 10. Ne2 O-O 11. Nxc3 a6 12. Qb3 Nc6 13. Ba3 Re8 14. O-O Bf8 15. Bxf8 Rxf8 16. Rfb1 d6 17. Qb6 Qe7 18. Nb5 Bd7 19. Qxb7 Rfb8 20. Qc7 Rc8 21. Qxd6 axb5 22. Qxe7 Rxa1 23. Qxd7 Rxb1+ 24. Bf1 Na7 25. Qxa7 bxc4 26. Qa6 Rc7 27. Qa2 Rb4 28. Qa5 Rbb7 29. Bxc4 Rb1+ 30. Bf1 Rcc1 31. Qa6 Ra1 32. Qb5 Rab1 33. Qd3 1/2-1/2

[Event "RA Spring op"]
[Site "Ottawa CAN"]
[Date "2013.02.17"]
[Round "5"]
[White "Pacey, Kevin"]
[Black "Pichardo, Agustin"]
[Result "1-0"]
[WhiteElo "2229"]
[BlackElo "2100"]
[PlyCount "65"]
[GameId "2160767909381735"]
[EventDate "2013.02.15"]
[EventType "swiss"]
[EventRounds "5"]
[EventCountry "CAN"]
[SourceTitle "EXT 2022"]
[Source "ChessBase"]
[SourceDate "2021.10.06"]
[SourceVersion "1"]
[SourceVersionDate "2021.10.06"]
[SourceQuality "1"]

1. d4 Nf6 2. c4 e6 3. g3 d5 4. Bg2 Bb4+ 5. Bd2 Qe7 6. Nf3 Nc6 7. O-O Bxd2 8. Nbxd2 O-O 9. Qb3 Ne4 10. e3 Nxd2 11. Nxd2 Na5 12. Qc3 Nxc4 13. Nxc4 dxc4 14. Qxc4 c6 15. f4 Bd7 16. Rac1 Rfd8 17. Qc5 Kf8 18. Qc2 g6 19. Qc3 f6 20. a3 Be8 21. g4 Bf7 22. Rf2 Rd7 23. h3 Re8 24. Qa5 e5 25. fxe5 fxe5 26. Rcf1 Qd8 27. Qxa7 Qb8 28. Qxb8 Rxb8 29. d5 cxd5 30. Bxd5 Rxd5 31. Rxf7+ Kg8 32. Rc7 Rd3 33. Rff7 1-0

[Event "RA Spring op"]
[Site "Ottawa CAN"]
[Date "2013.02.17"]
[Round "5"]
[White "Sambuev, Bator"]
[Black "Marinkovic, Mate"]
[Result "1-0"]
[WhiteElo "2700"]
[BlackElo "2215"]
[PlyCount "73"]
[GameId "2160767909381736"]
[EventDate "2013.02.15"]
[EventType "swiss"]
[EventRounds "5"]
[EventCountry "CAN"]
[SourceTitle "EXT 2022"]
[Source "ChessBase"]
[SourceDate "2021.10.06"]
[SourceVersion "1"]
[SourceVersionDate "2021.10.06"]
[SourceQuality "1"]

1. d4 d5 2. c4 c6 3. Nf3 Nf6 4. e3 Bg4 5. cxd5 Bxf3 6. Qxf3 cxd5 7. Nc3 e6 8. Bd3 Nc6 9. O-O Be7 10. Bd2 O-O 11. Rac1 Rc8 12. Qh3 Na5 13. e4 g6 14. e5 Nh5 15. Ne2 Nc4 16. Bh6 Ng7 17. b3 Na5 18. Rcd1 Nc6 19. f4 Qb6 20. Kh1 Nb4 21. Bb1 f5 22. exf6 Bxf6 23. g4 Qa6 24. Ng3 Nc2 25. f5 exf5 26. gxf5 g5 27. Nh5 Nxh5 28. Bxf8 Nf4 29. Rxf4 Rxf8 30. Rf2 Nxd4 31. Rxd4 Bxd4 32. f6 Rf7 33. Qc8+ Rf8 34. Bxh7+ Kxh7 35. Qxf8 Kg6 36. Qe8+ Kh7 37. Qh5+ 1-0

[Event "RA Spring op"]
[Site "Ottawa CAN"]
[Date "2013.02.17"]
[Round "5"]
[White "Sun, Mike"]
[Black "Qin, Zi Yi (Joey)"]
[Result "0-1"]
[WhiteElo "1959"]
[BlackElo "2466"]
[PlyCount "86"]
[GameId "2160767909381737"]
[EventDate "2013.02.15"]
[EventType "swiss"]
[EventRounds "5"]
[EventCountry "CAN"]

1. e4 e6 2. d3 d5 3. Nd2 Nf6 4. Ngf3 Be7 5. g3 c5 6. Bg2 Nc6 7. O-O O-O 8. h3 Qc7 9. exd5 exd5 10. Nb3 Bd6 11. d4 c4 12. Nbd2 Bf5 13. Re1 Nb4 14. Nf1 Nxc2 15. Ne3 Nxe1 16. Nxf5 Nxg2 17. Kxg2 Ne4 18. Ng5 Nxg5 19. Bxg5 f6 20. Bd2 Rfe8 21. Qf3 Re4 22. h4 Rae8 23. h5 Bf8 24. Rh1 Qf7 25. Be3 b5 26. g4 b4 27. Qh3 R4e6 28. f4 Ra6 29. Ra1 b3 30. a3 c3 31. bxc3 Rxa3 32. Rxa3 Bxa3 33. h6 g6 34. Ng7 b2 35. Qh1 Qe7 36. Nxe8 Qe4+ 37. Kh2 Qxh1+ 38. Kxh1 b1=Q+ 39. Kg2 Qe4+ 40. Kf2 Qxe8 41. f5 gxf5 42. gxf5 Qe4 43. Bd2 Bc1 0-1

[Event "RA Spring op U1900"]
[Site "Ottawa CAN"]
[Date "2013.02.15"]
[Round "1"]
[White "Laurin, Marcel"]
[Black "Krolczyk, Jacob"]
[Result "1/2-1/2"]
[WhiteElo "1727"]
[BlackElo "1867"]
[PlyCount "52"]
[GameId "2160767909381738"]
[EventDate "2013.02.15"]
[EventType "swiss"]
[EventRounds "5"]
[EventCountry "CAN"]

1. d4 d5 2. c4 dxc4 3. e4 e5 4. d5 c6 5. Bxc4 cxd5 6. Bxd5 Bb4+ 7. Bd2 Bxd2+ 8. Qxd2 Nf6 9. Nc3 O-O 10. Rd1 Qe7 11. Nf3 Bg4 12. h3 Bh5 13. g4 Bg6 14. Nxe5 Nxd5 15. Nxg6 hxg6 16. Qxd5 Nc6 17. Qd6 Qg5 18. Qg3 Rad8 19. O-O a6 20. Rd5 Qe7 21. Rfd1 Qb4 22. Rxd8 Nxd8 23. Nd5 Qxe4 24. f3 Qe6 25. Qh4 f6 26. Qf2 g5 1/2-1/2

[Event "RA Spring op U1900"]
[Site "Ottawa CAN"]
[Date "2013.02.16"]
[Round "2"]
[White "Laurin, Marcel"]
[Black "Von Keitz, Michael"]
[Result "1-0"]
[WhiteElo "1727"]
[BlackElo "1843"]
[PlyCount "123"]
[GameId "2160767909381739"]
[EventDate "2013.02.15"]
[EventType "swiss"]
[EventRounds "5"]
[EventCountry "CAN"]

1. d4 d5 2. c4 c6 3. cxd5 cxd5 4. Nf3 Nf6 5. Nc3 Nc6 6. Bf4 e6 7. e3 a6 8. Bd3 Bb4 9. O-O O-O 10. Rc1 Re8 11. a3 Bf8 12. Qc2 Bd7 13. Bg5 g6 14. Ne5 Bg7 15. f4 Ne7 16. Rf3 Rc8 17. Qf2 h6 18. Qh4 hxg5 19. fxg5 Ne4 20. Nxf7 Qb6 21. Nh6+ Bxh6 22. Qxh6 e5 23. Rcf1 Bf5 24. Rxf5 Nxf5 25. Rxf5 Rf8 26. Rxf8+ Rxf8 27. Nxd5 Qe6 28. Bxe4 exd4 29. Bxg6 Rf1+ 30. Kxf1 Qxd5 31. Bh7+ Kf7 32. Qf6+ Ke8 33. e4 Qc4+ 34. Kf2 Qc2+ 35. Kg3 Qc7+ 36. Qf4 Qe7 37. Bg6+ Kd7 38. Qf7 d3 39. Qxe7+ Kxe7 40. Kf3 Kf8 41. Ke3 Kg7 42. Bf5 d2 43. Kxd2 a5 44. h4 Kf7 45. g4 Kg7 46. Kc3 b5 47. h5 Kh8 48. Bd7 b4+ 49. axb4 axb4+ 50. Kxb4 Kh7 51. Kc5 Kh8 52. b4 Kh7 53. b5 Kh8 54. e5 Kg7 55. e6 Kf8 56. Kd6 Kg7 57. b6 Kh7 58. b7 Kg7 59. Ke7 Kh7 60. Kf7 Kh8 61. b8=Q+ Kh7 62. Qg8# 1-0

[Event "RA Spring op U1900"]
[Site "Ottawa CAN"]
[Date "2013.02.16"]
[Round "2"]
[White "Zhang, Jeff"]
[Black "Langer, Herb"]
[Result "0-1"]
[WhiteElo "1617"]
[BlackElo "1870"]
[PlyCount "28"]
[GameId "2160767909381740"]
[EventDate "2013.02.15"]
[EventType "swiss"]
[EventRounds "5"]
[EventCountry "CAN"]

1. e4 c5 2. Nf3 d6 3. d4 cxd4 4. Nxd4 Nf6 5. Nc3 a6 6. Be3 Nc6 7. Be2 e5 8. Nf3 Be7 9. O-O O-O 10. Bc4 b5 11. Bd5 Bb7 12. Qe2 Qc7 13. Rfd1 Na5 14. Nh4 Nxd5 0-1

[Event "RA Spring op U1900"]
[Site "Ottawa CAN"]
[Date "2013.02.16"]
[Round "3"]
[White "Laszlo, Robert"]
[Black "Laurin, Marcel"]
[Result "1/2-1/2"]
[WhiteElo "1826"]
[BlackElo "1727"]
[PlyCount "64"]
[GameId "2160767909381741"]
[EventDate "2013.02.15"]
[EventType "swiss"]
[EventRounds "5"]
[EventCountry "CAN"]

1. c4 c5 2. Nc3 Nc6 3. Nf3 g6 4. d4 cxd4 5. Nxd4 Bg7 6. Nxc6 bxc6 7. Bd2 e6 8. e4 d6 9. Be2 Rb8 10. Rb1 Rb7 11. O-O f6 12. Bf3 e5 13. Be3 Be6 14. b3 Bf8 15. Qd2 h5 16. Rfd1 Rd7 17. Qc1 g5 18. c5 g4 19. Be2 Bh6 20. Rxd6 Rxd6 21. cxd6 Qxd6 22. Bxh6 Nxh6 23. Qe3 Qc7 24. Qc5 Rh7 25. Rd1 Rd7 26. Rxd7 Qxd7 27. Qe3 Nf7 28. Na4 Qd4 29. Qxd4 exd4 30. Nc5 Ke7 31. Kf1 Ne5 32. Nd3 Nxd3 1/2-1/2

[Event "RA Spring op U1900"]
[Site "Ottawa CAN"]
[Date "2013.02.16"]
[Round "3"]
[White "Von Keitz, Michael"]
[Black "Peters, Romy"]
[Result "1-0"]
[WhiteElo "1843"]
[BlackElo "1681"]
[PlyCount "139"]
[GameId "2160767909381742"]
[EventDate "2013.02.15"]
[EventType "swiss"]
[EventRounds "5"]
[EventCountry "CAN"]

1. e4 e6 2. d4 d5 3. e5 c5 4. c3 Nc6 5. Qg4 Qb6 6. Nf3 Nh6 7. Qf4 Nf5 8. g4 Nfe7 9. Ng5 Nd8 10. Bd3 Ng6 11. Qg3 cxd4 12. h4 Nc6 13. f4 h6 14. Nxe6 Bxe6 15. f5 Ngxe5 16. fxe6 Nxd3+ 17. Qxd3 fxe6 18. Qg6+ Kd7 19. Rf1 Ne5 20. Qc2 Nxg4 21. Qa4+ Qc6 22. Qxd4 Nf6 23. Nd2 Bc5 24. Qd3 Rhf8 25. Qg6 Rg8 26. Nf3 Bd6 27. Nd4 Qc7 28. Qf7+ Kc8 29. Qxe6+ Qd7 30. Qxd7+ Kxd7 31. Nf5 Rae8+ 32. Kd1 Ne4 33. Nxd6 Nxd6 34. Kc2 Re2+ 35. Kb3 Rh2 36. Rf4 Re8 37. Rg4 Nf5 38. Rf4 Nxh4 39. Rf7+ Re7 40. Rxe7+ Kxe7 41. Bf4 Re2 42. Rd1 g5 43. Bg3 Nf5 44. Bb8 Ke6 45. Bxa7 h5 46. Bb8 Nd6 47. Bxd6 Kxd6 48. c4 Re5 49. Kc3 g4 50. b4 b6 51. a4 g3 52. a5 bxa5 53. bxa5 g2 54. a6 Rg5 55. a7 Rg8 56. Rxd5+ Kc6 57. Rg5 Ra8 58. Rxg2 Rxa7 59. Rg6+ Kb7 60. Kb4 Ra1 61. Rh6 Rh1 62. Kc5 h4 63. Rh7+ Kc8 64. Kc6 Rd1 65. Rxh4 Rd8 66. Rh7 Kb8 67. c5 Rc8+ 68. Kb6 Rd8 69. c6 Kc8 70. Ra7 1-0

[Event "RA Spring op U1900"]
[Site "Ottawa CAN"]
[Date "2013.02.17"]
[Round "5"]
[White "Langer, Herb"]
[Black "Krolczyk, Jacob"]
[Result "0-1"]
[WhiteElo "1870"]
[BlackElo "1867"]
[PlyCount "42"]
[GameId "2160767909381743"]
[EventDate "2013.02.15"]
[EventType "swiss"]
[EventRounds "5"]
[EventCountry "CAN"]

1. d4 d5 2. e3 Nf6 3. Bd3 c5 4. c3 cxd4 5. exd4 Nc6 6. Nf3 Bg4 7. Bf4 Nh5 8. Bg3 Nxg3 9. hxg3 h5 10. Nbd2 Rh6 11. O-O h4 12. gxh4 Rxh4 13. Qc2 Rh6 14. Rae1 Qd7 15. Ne5 Nxe5 16. Rxe5 e6 17. Qb3 O-O-O 18. Rfe1 Bd6 19. Rg5 Rdh8 20. f3 Bg3 21. Kf1 Rh1+ 0-1

[Event "RACC-ch"]
[Site "Ottawa CAN"]
[Date "2013.02.07"]
[Round "6"]
[White "Khachidze, Vasil"]
[Black "Hambleton, Aman"]
[Result "1/2-1/2"]
[WhiteElo "2327"]
[BlackElo "2583"]
[PlyCount "135"]
[GameId "2160767909410970"]
[EventDate "2013.01.03"]
[EventType "swiss"]
[EventRounds "7"]
[EventCountry "CAN"]

1. e4 e6 2. d4 d5 3. Nd2 h6 4. Ngf3 Nf6 5. Bd3 c5 6. exd5 exd5 7. O-O c4 8. Be2 Bd6 9. c3 Nc6 10. b3 cxb3 11. axb3 O-O 12. Re1 Bf5 13. Ba3 Re8 14. Bxd6 Qxd6 15. Bb5 a6 16. Bxc6 Qxc6 17. Rc1 Rxe1+ 18. Qxe1 b5 19. Ne5 Qc7 20. b4 Re8 21. Qd1 Ne4 22. Nxe4 dxe4 23. Ng4 Bxg4 24. Qxg4 e3 25. Qe2 exf2+ 26. Qxf2 Re6 27. Qf3 Rf6 28. Qa8+ Kh7 29. Qe4+ Kg8 30. Qe8+ Kh7 31. Qe4+ g6 32. Qe3 Rc6 33. Qd3 Rc4 34. d5 Qd6 35. Re1 Rc8 36. Qd4 Rd8 37. Rd1 Rd7 38. Qc5 Kg7 39. g3 h5 40. Qd4+ Qf6 41. Qd3 h4 42. Kg2 Rd6 43. Rd2 hxg3 44. hxg3 Qe5 45. Qf3 Rf6 46. Qd3 Rd6 47. Qf3 g5 48. Qd3 Kg8 49. c4 bxc4 50. Qxc4 Rh6 51. Qc8+ Kg7 52. Qg4 Rd6 53. Qc4 Kh7 54. Qd3+ Kg8 55. Qc4 Kg7 56. Qd3 f5 57. Qc4 f4 58. gxf4 gxf4 59. Qd4 Kf6 60. Kf3 Kf5 61. Qd3+ Kf6 62. Qd4 Qxd4 63. Rxd4 Ke5 64. Rxf4 Kxd5 65. Ke3 Rh6 66. Kd3 Rh3+ 67. Kc2 Kc6 68. Rf5 1/2-1/2

[Event "RACC-ch"]
[Site "Ottawa CAN"]
[Date "2013.02.14"]
[Round "7"]
[White "Gordon, David"]
[Black "Khachidze, Vasil"]
[Result "1-0"]
[WhiteElo "2287"]
[BlackElo "2327"]
[PlyCount "73"]
[GameId "2160767909410971"]
[EventDate "2013.01.03"]
[EventType "swiss"]
[EventRounds "7"]
[EventCountry "CAN"]

1. d4 Nf6 2. Bg5 g6 3. Bxf6 exf6 4. g3 Bg7 5. Bg2 O-O 6. e3 d5 7. Nd2 c6 8. Ne2 Re8 9. O-O Nd7 10. c4 Nb6 11. cxd5 Nxd5 12. Qb3 Nb6 13. Rfc1 Be6 14. Qc2 g5 15. b4 Rc8 16. a4 Bf8 17. Qb2 Nd5 18. b5 Nb4 19. Qb1 f5 20. Nb3 cxb5 21. axb5 Qb6 22. Nc5 Bxc5 23. dxc5 Rxc5 24. Qxb4 Rxb5 25. Qa4 Ra8 26. Nd4 Rb2 27. Qa5 Qd6 28. Nxf5 Qf8 29. Nd4 h6 30. Qe5 Rb6 31. Rc7 Re8 32. Bxb7 Bh3 33. Qd5 Rb8 34. Rac1 Rd8 35. Rxf7 Rxd5 36. Rxf8+ Kxf8 37. Bxd5 1-0

[Event "RACC-ch"]
[Site "Ottawa CAN"]
[Date "2013.02.14"]
[Round "7"]
[White "Hambleton, Aman"]
[Black "Sadeghi, Saeid"]
[Result "1-0"]
[WhiteElo "2583"]
[BlackElo "2029"]
[PlyCount "121"]
[GameId "2160767909410972"]
[EventDate "2013.01.03"]
[EventType "swiss"]
[EventRounds "7"]
[EventCountry "CAN"]

1. d4 Nf6 2. c4 g6 3. Nc3 d5 4. cxd5 Nxd5 5. Bd2 Bg7 6. e4 Nxc3 7. Bxc3 O-O 8. Qd2 c5 9. d5 Bxc3 10. bxc3 e6 11. Be2 exd5 12. exd5 Re8 13. Nf3 Qe7 14. c4 Bg4 15. O-O Nd7 16. Rfe1 Qf6 17. Rab1 Nb6 18. Rbc1 Re4 19. Bd3 Rxe1+ 20. Nxe1 Re8 21. h3 Bd7 22. Bf1 Nc8 23. Nd3 b6 24. Qc3 Qxc3 25. Rxc3 Bf5 26. Nc1 Nd6 27. f3 h5 28. g4 hxg4 29. hxg4 Bc8 30. Be2 Kg7 31. Kf2 f5 32. gxf5 Bxf5 33. a4 Nb7 34. Nb3 Bd7 35. a5 bxa5 36. Nd2 a4 37. Ra3 Nd6 38. Bd1 Rb8 39. Bxa4 Rb2 40. Ke1 Rxd2 41. Kxd2 Nxc4+ 42. Kc3 Nxa3 43. Bxd7 a6 44. f4 Kf6 45. Kb3 Nb5 46. Kc4 Nc7 47. Kxc5 Ke7 48. Bc8 Kd8 49. Bb7 Kd7 50. Bc6+ Kd8 51. Ba4 Ne8 52. Bc2 Kc7 53. Bxg6 Nf6 54. d6+ Kd7 55. Bf5+ Kd8 56. Bc2 a5 57. f5 Kd7 58. Ba4+ Kd8 59. Kd4 Nd7 60. Bxd7 Kxd7 61. Kd5 1-0

[Event "Red Deer op"]
[Site "Red Deer CAN"]
[Date "2013.01.26"]
[Round "1"]
[White "Beaudry, Lukas"]
[Black "Schech, Roland"]
[Result "1-0"]
[WhiteElo "2081"]
[BlackElo "1657"]
[PlyCount "110"]
[GameId "2160767909381921"]
[EventDate "2013.01.26"]
[EventType "swiss"]
[EventRounds "5"]
[EventCountry "CAN"]
[SourceTitle "EXT 2022"]
[Source "ChessBase"]
[SourceDate "2021.10.06"]
[SourceVersion "1"]
[SourceVersionDate "2021.10.06"]
[SourceQuality "1"]

1. e4 Nf6 2. e5 Nd5 3. d4 d6 4. c4 Nb6 5. f4 dxe5 6. fxe5 e6 7. Nf3 c5 8. Nc3 cxd4 9. Ne4 Bb4+ 10. Bd2 Bxd2+ 11. Qxd2 O-O 12. h4 Nc6 13. h5 Qc7 14. h6 g6 15. Qf4 Qe7 16. Nf6+ Kh8 17. O-O-O Nd7 18. Ne4 f6 19. exf6 Nxf6 20. Nxf6 Qxf6 21. Qxf6+ Rxf6 22. Nxd4 Bd7 23. Nb5 Rd8 24. Be2 Kg8 25. Bf3 e5 26. Rhe1 Rff8 27. Bd5+ Kh8 28. Nd6 Bg4 29. Nxb7 Rxd5 30. Rxd5 Nb4 31. Kd2 Rf2+ 32. Ke3 Rf8 33. Rd2 Kg8 34. Nd6 g5 35. Ne4 Nc6 36. Rd6 Nd4 37. Kd2 Kf7 38. Rf1+ Ke7 39. Rxf8 Kxf8 40. Nxg5 Ke7 41. Ra6 Bf5 42. c5 Kd7 43. Rxa7+ Kc6 44. b4 Kb5 45. a3 Nc6 46. Rb7+ Ka4 47. Kc3 Kxa3 48. Rb6 Nxb4 49. Rxb4 Ka2 50. c6 Ka3 51. c7 Ka2 52. Nxh7 e4 53. Ng5 e3 54. h7 e2 55. Nf3 e1=Q+ 1-0

[Event "Red Deer op"]
[Site "Red Deer CAN"]
[Date "2013.01.26"]
[Round "1"]
[White "Harris, Adam"]
[Black "Rekhson, Vladislav"]
[Result "1-0"]
[WhiteElo "1772"]
[BlackElo "2189"]
[PlyCount "141"]
[GameId "2160767909381924"]
[EventDate "2013.01.26"]
[EventType "swiss"]
[EventRounds "5"]
[EventCountry "CAN"]
[SourceTitle "EXT 2022"]
[Source "ChessBase"]
[SourceDate "2021.10.06"]
[SourceVersion "1"]
[SourceVersionDate "2021.10.06"]
[SourceQuality "1"]

1. d4 Nf6 2. c4 c5 3. d5 b5 4. cxb5 a6 5. b6 e6 6. Nc3 Nxd5 7. e4 Nxc3 8. bxc3 Qxb6 9. Be3 Qb2 10. Qc1 Qxc1+ 11. Rxc1 Bb7 12. f3 Nc6 13. Rb1 O-O-O 14. Be2 d5 15. Nh3 h6 16. O-O Be7 17. Rb6 d4 18. Rfb1 d3 19. Rxb7 dxe2 20. Kf2 Rd3 21. Bf4 e5 22. Bxe5 Rd1 23. Rb8+ Kd7 24. R1b7+ Ke6 25. Kxe2 Rhd8 26. Rxd8 Rxd8 27. Bg3 g5 28. Rb6 Kd7 29. Rxa6 Bf6 30. Ra3 h5 31. Bf2 Rb8 32. Rb3 Ra8 33. Rb7+ Ke6 34. Rc7 Rxa2+ 35. Kd3 Ne5+ 36. Ke3 Nc4+ 37. Kd3 Ne5+ 38. Ke3 Kd6 39. Rb7 Nc4+ 40. Kd3 Ne5+ 41. Ke3 Kc6 42. Rb8 Nc4+ 43. Kd3 Ne5+ 44. Ke3 Nc4+ 45. Kd3 g4 46. Kxc4 gxh3 47. Bxc5 hxg2 48. Rg8 h4 49. h3 Rc2 50. Bd4 Bxd4 51. Kxd4 g1=Q+ 52. Rxg1 Rh2 53. Rg7 f5 54. exf5 Rxh3 55. Ke4 Kd6 56. Kf4 Rh1 57. Rh7 h3 58. c4 h2 59. c5+ Kxc5 60. f6 Kd6 61. Kf5 Rf1 62. Rxh2 Rxf3+ 63. Kg6 Rg3+ 64. Kf7 Rg1 65. Re2 Ra1 66. Kf8 Rf1 67. f7 Kd7 68. Re7+ Kd8 69. Re8+ Kd7 70. Kg7 Rg1+ 71. Kh6 1-0

[Event "Red Deer op"]
[Site "Red Deer CAN"]
[Date "2013.01.26"]
[Round "1"]
[White "Jawad, Atheer"]
[Black "Sequillion, Aaron"]
[Result "0-1"]
[WhiteElo "2080"]
[BlackElo "1653"]
[PlyCount "54"]
[GameId "2160767909381925"]
[EventDate "2013.01.26"]
[EventType "swiss"]
[EventRounds "5"]
[EventCountry "CAN"]
[SourceTitle "EXT 2022"]
[Source "ChessBase"]
[SourceDate "2021.10.06"]
[SourceVersion "1"]
[SourceVersionDate "2021.10.06"]
[SourceQuality "1"]

1. d4 Nf6 2. c4 g6 3. Nf3 Bg7 4. Nc3 O-O 5. g3 d6 6. Bg2 Nc6 7. O-O e5 8. d5 Ne7 9. e4 a5 10. Be3 Ng4 11. Qd3 Nxe3 12. Qxe3 b6 13. Ne1 f5 14. Nc2 f4 15. Qd3 g5 16. f3 g4 17. Ne2 Ng6 18. Rf2 h5 19. Raf1 Bh6 20. b3 Qg5 21. Kh1 Bd7 22. gxf4 exf4 23. Ncd4 g3 24. hxg3 fxg3 25. Nxg3 Qxg3 26. Ne2 Qh4+ 27. Kg1 Bf4 0-1

[Event "Red Deer op"]
[Site "Red Deer CAN"]
[Date "2013.01.26"]
[Round "2"]
[White "Rekhson, Vladislav"]
[Black "Jawad, Atheer"]
[Result "1-0"]
[WhiteElo "2189"]
[BlackElo "1653"]
[PlyCount "97"]
[GameId "2160767909381927"]
[EventDate "2013.01.26"]
[EventType "swiss"]
[EventRounds "5"]
[EventCountry "CAN"]
[SourceTitle "EXT 2022"]
[Source "ChessBase"]
[SourceDate "2021.10.06"]
[SourceVersion "1"]
[SourceVersionDate "2021.10.06"]
[SourceQuality "1"]

1. e4 d5 2. exd5 Qxd5 3. Nc3 Qd6 4. d4 Nf6 5. Bc4 Bg4 6. Qd3 g6 7. Nb5 Qd8 8. Bg5 Bg7 9. Bxf6 Bxf6 10. Qg3 Qd7 11. Nxc7+ Kf8 12. Nxa8 Qxd4 13. Be2 Qxb2 14. Rd1 Bc3+ 15. Kf1 Bxe2+ 16. Nxe2 Be5 17. Qb3 Qxb3 18. axb3 Kg7 19. f4 Bd6 20. Rxd6 exd6 21. Nc7 Rc8 22. Nb5 Rxc2 23. Nxa7 Ra2 24. Kf2 Rxa7 25. Rd1 Ra6 26. Ke3 Kf6 27. g4 Ke7 28. Nc3 Rc6 29. Nd5+ Ke6 30. Kd4 Rc2 31. Re1+ Kd7 32. Re7+ Kd8 33. Rxb7 Nc6+ 34. Kd3 Rxh2 35. Rxf7 Rh3+ 36. Kc4 Na5+ 37. Kb5 Nxb3 38. Kc6 Ke8 39. Re7+ Kf8 40. Kxd6 h5 41. f5 gxf5 42. gxf5 Rf3 43. f6 h4 44. Rh7 h3 45. Rh4 Nd2 46. Ke6 Rg3 47. Rh8+ Rg8 48. Rxg8+ Kxg8 49. f7+ 1-0